[Event "Oberliga Wuert9697"]
[Site "Wuerttemberg"]
[Date "1997.??.??"]
[Round "?"]
[White "Born, Mario"]
[Black "Amos, Frank"]
[Result "1/2-1/2"]
[WhiteElo "2220"]
[BlackElo "2230"]

1.Nf3 d5 2.g3 Nf6 3.Bg2 c6 4.O-O Bf5 5.d4 h6 6.Ne5 Nbd7 7.c4 Nxe5 8.dxe5 Ne4
9.cxd5 Qxd5 10.Qxd5 cxd5 11.Be3 e6 12.Rc1 b6 13.Nc3 Nxc3 14.Rxc3 Be7 15.Rac1 Rd8
16.Bd4 Rd7 17.e3 O-O 18.Bf1 Bb4 19.Rc7 Rfd8 20.Rxd7 Rxd7 21.Rc8+ Kh7 22.Bb5 Rb7
23.Ba6 Rd7 24.f3 f6 25.g4 fxe5 26.Bxe5 Bg6 27.Rc6 Bc5 28.Kf2 d4 29.exd4 Bxd4+
30.Bxd4 Rxd4 31.Rxe6 Ra4 32.Bb7 Rxa2 33.Re2 Ra4 34.Kg3 Rb4 35.f4 Rb3+ 36.Kf2 Bf7
37.Be4+ g6 38.h4 Kg7 39.Rd2 Rb4 40.Ke3 Kf6 41.f5 Rb3+ 42.Kd4 Rb4+ 43.Kd3 gxf5
44.Bxf5 h5 45.Rf2 hxg4 46.Bxg4+ Kg7 47.Rg2 Kh6 48.Kc3 Rc4+ 49.Kd3 b5 50.Rf2 Bg6+
51.Bf5 Rxh4 52.Bxg6 Kxg6 53.Rf8 Rb4 54.Kc3 Rc4+ 55.Kb3 a5 56.Rb8 Rb4+ 57.Ka3 Ra4+
58.Kb3 Rb4+ 59.Kc3  1/2-1/2

[Event "Wuerzburg op"]
[Site "Wuerzburg"]
[Date "1997.??.??"]
[Round "4"]
[White "Ivanov, Mikhail M"]
[Black "Kniest, Oliver"]
[Result "1-0"]
[WhiteElo "2500"]
[BlackElo "2220"]

1.Nf3 d5 2.g3 e6 3.Bg2 c5 4.c4 Nc6 5.O-O Nf6 6.d4 Be7 7.dxc5 Bxc5 8.a3 a6
9.b4 Be7 10.Bb2 O-O 11.Nbd2 b6 12.cxd5 Nxd5 13.e4 Nf6 14.e5 Nd5 15.Qe2 Bd7
16.Ne4 Ncxb4 17.axb4 Bb5 18.Qd1 Bxf1 19.Bxf1 Nxb4 20.Nd6 b5 21.Ba3 Nd5 22.Bc5 Qd7
23.Nd4 Bxd6 24.Bxd6 Rfc8 25.Nb3 Qa7 26.Bg2 Rc3 27.Nd4 Qb7 28.Nf5 Re8 29.Bxd5 exd5
30.Qg4 g6 31.Qg5 h6 32.Nxh6+ Kh7 33.Ng4  1-0

[Event "Znojmo op-A"]
[Site "Znojmo"]
[Date "1997.??.??"]
[Round "?"]
[White "Amerling, Miroslav"]
[Black "Petlak, Josef"]
[Result "0-1"]
[WhiteElo "2005"]
[BlackElo "2095"]

1.Nf3 d5 2.g3 Nf6 3.c4 e6 4.Bg2 Be7 5.O-O O-O 6.b3 Nbd7 7.Bb2 c6 8.Qc2 b6
9.d3 Bb7 10.Nbd2 c5 11.e3 Qc7 12.Rac1 Rac8 13.Rfd1 Qb8 14.Qb1 Rfd8 15.Ne1 dxc4
16.dxc4 Bxg2 17.Nxg2 Ne5 18.Ne1 Neg4 19.h3 Nxe3 20.fxe3 Qxg3+ 21.Ng2 Nh5
22.Nf1 Qxh3 23.Qe4 Bf6 24.Bxf6 Nxf6 25.Qf4 Ne8 26.Qh4 Qxh4 27.Nxh4 f6 28.Kf2 g5
29.Ng2 h5 30.Nh2 Kf7 31.Ke2 f5 32.Rxd8 Rxd8 33.Rd1 Rxd1 34.Kxd1 e5 35.Ke2 Nd6
36.Nf3 Kf6 37.Nd2 h4 38.Kf2 e4 39.Kg1 Nf7 40.Kh2 Ne5 41.Kg1 Nd3 42.Kh2 Kg6
43.Nb1 Nc1 44.Nc3 Nd3 45.Nd5 Kf7 46.Nxh4 gxh4 47.Kh3 Nb4 48.Nc3 Nc2 49.Nd5 f4
50.Nxf4 Nxe3 51.Kxh4 Kf6 52.Kg3 Kf5 53.Ne2 Nd1 54.Kg2 Kg4 55.Kf1 Kf3 56.Ke1 Nf2
57.Nc3 e3 58.Kf1 Nd3 59.Ne2 Nf4 60.Ng1+ Ke4  0-1

[Event "Znojmo op-A"]
[Site "Znojmo"]
[Date "1997.??.??"]
[Round "?"]
[White "Amerling, Miroslav"]
[Black "Hadac, Pavel Sr"]
[Result "0-1"]
[WhiteElo "2005"]
[BlackElo "1920"]

1.Nf3 d5 2.g3 g6 3.Bg2 Bg7 4.O-O Nf6 5.c4 dxc4 6.Na3 O-O 7.Nxc4 c6 8.d4 Nbd7
9.Qb3 Nb6 10.Nxb6 Qxb6 11.Qa3 Re8 12.e3 Be6 13.Bd2 a5 14.Rfc1 Ne4 15.Be1 Bd5
16.Rc2 e6 17.Qd3 f6 18.h3 Qa6 19.Qd1 Nd6 20.Bf1 Qb6 21.Bd3 Qd8 22.Nd2 f5
23.b3 e5 24.Rb1 exd4 25.exd4 Bxd4 26.Nc4 Ne4 27.Kh2 Ng5 28.h4 Rxe1  0-1

[Event "Znojmo op-A"]
[Site "Znojmo"]
[Date "1997.??.??"]
[Round "?"]
[White "Jurica, Peter"]
[Black "Fuchs, Ludek"]
[Result "1-0"]
[WhiteElo "2155"]
[BlackElo "1840"]

1.Nf3 d5 2.g3 c5 3.Bg2 Nc6 4.d4 cxd4 5.Nxd4 e5 6.Nxc6 bxc6 7.c4 Bb4+ 8.Bd2 Bxd2+
9.Qxd2 Ne7 10.cxd5 cxd5 11.Nc3 Be6 12.O-O Rb8 13.Qg5 Nf5 14.Qxd8+ Rxd8 15.Nxd5 Bxd5
16.Bxd5 Rxd5 17.e4 Rd2 18.exf5 Rxb2 19.Rab1 Rxb1 20.Rxb1 O-O 21.Rb7 Ra8 22.Kf1 f6
23.a4 a5 24.Ke2 h5 25.Rd7 Kh7 26.Kd3 Rb8 27.Ra7 Rb3+ 28.Ke2 Kh6 29.h4 g6
30.fxg6 Kxg6 31.Rxa5 Kf5 32.Ra8 Ke4 33.Rf8 f5 34.Rd8 Ra3 35.a5 f4 36.gxf4 Ra2+
37.Rd2 Rxa5 38.fxe5 Rxe5 39.f3+ Kf4+ 40.Kf2 Ra5 41.Rd4+ Kf5 42.Kg3 Rb5 43.Ra4 Rc5
44.Ra6 Ke5 45.Rg6 Rc1 46.Rg5+ Kf6 47.Rxh5 Ra1 48.Rg5 Ra4 49.Rg4 Ra5 50.Rb4 Kg6
51.Kg4 Re5 52.f4 Ra5 53.f5+ Kg7 54.Kg5 Ra1 55.Rb7+ Kf8 56.h5 Ra6 57.h6 Kg8
58.f6 Ra8 59.Kg6 Rc8 60.Rg7+ Kh8 61.Rh7+ Kg8 62.f7+  1-0

[Event "Znojmo op-A"]
[Site "Znojmo"]
[Date "1997.??.??"]
[Round "?"]
[White "Jurica, Peter"]
[Black "Mucha, Karel"]
[Result "1-0"]
[WhiteElo "2155"]
[BlackElo "1930"]

1.Nf3 d5 2.g3 c5 3.Bg2 Nc6 4.d4 e6 5.O-O f5 6.Bg5 Nf6 7.e3 Be7 8.dxc5 Bxc5
9.c4 O-O 10.cxd5 exd5 11.Nc3 Qa5 12.a3 Be7 13.b4 Qd8 14.b5 Ne4 15.Qxd5+ Qxd5
16.Nxd5 Bxg5 17.Nxg5 Nxg5 18.bxc6 bxc6 19.Ne7+ Kh8 20.Nxc6 Ne4 21.Nd4 g6
22.Rfc1 Rf7 23.Rab1 Bb7 24.Rb2 Re8 25.Rcb1 Ree7 26.Rc1 Kg7 27.Rbc2 Kh6 28.Nb5 a6
29.Nd4 Kg7 30.Rb2 Kh6 31.Rb6 Kg7 32.Ne6+ Kh6 33.Nd8 Rg7 34.Nxb7 Rxb7 35.Rxb7 Rxb7
36.Bxe4 fxe4 37.Rc6  1-0

[Event "Weihnachts op-M 21th"]
[Site "Zuerich"]
[Date "1997.??.??"]
[Round "?"]
[White "Eidinger, Helmut"]
[Black "Pikula, Dejan"]
[Result "0-1"]
[WhiteElo "2165"]
[BlackElo "2465"]

1.g3 d5 2.Nf3 Bg4 3.Ne5 Bf5 4.Bg2 Nd7 5.d4 c6 6.Nd2 Ngf6 7.O-O e6 8.Ndf3 h6
9.c3 Bd6 10.Bf4 Qc7 11.Nxd7 Nxd7 12.Bxd6 Qxd6 13.Re1 O-O 14.Qd2 c5 15.Rac1 c4
16.Nh4 Be4 17.f3 Bh7 18.Bh3 Nf6 19.Ng2 b5 20.a3 a5 21.Qf4 Qxf4 22.Nxf4 g5
23.Ng2 b4 24.axb4 axb4 25.cxb4 Ra2 26.e4 g4 27.Bxg4 Nxg4 28.fxg4 Bxe4 29.Re2 Rb8
30.Nf4 Rxb4 31.Nh5 Bd3 32.Nf6+ Kg7 33.Rf2 Rbxb2 34.Nh5+ Kf8 35.Rxb2 Rxb2
36.Nf4 Be4 37.h4 Rd2 38.Kf1 Rxd4 39.Ke2 e5 40.Ke3 Bd3 41.Nh5 Re4+ 42.Kf3 d4
43.Nf6 Re3+ 44.Kf2 c3 45.Ra1 Be4 46.Nd7+ Kg7 47.Nxe5 Bd5 48.Nd7 Rf3+ 49.Kg2 c2
50.Nb6 Ra3+  0-1

[Event "NLD-sf"]
[Site "Enschede"]
[Date "1998.01.03"]
[Round "1"]
[White "Vogel, Jaap"]
[Black "Mellegers, Joost P"]
[Result "1/2-1/2"]
[WhiteElo "2280"]
[BlackElo "2195"]

1.Nf3 d5 2.g3 c6 3.Bg2 Bg4 4.b3 Nd7 5.Bb2 e6 6.O-O Ngf6 7.d3 Bd6 8.e4 e5
9.exd5 cxd5 10.c4 O-O 11.h3 Bh5 12.Nc3 d4 13.Ne2 Nc5 14.Ba3 Re8 15.Bxc5 Bxc5
16.a3 a5 17.b4 axb4 18.axb4 Bxb4 19.Qb3 Bc5 20.g4 Bg6 21.Nd2 Rxa1 22.Rxa1 e4
23.dxe4 d3 24.Ng3 Qd4 25.Rf1 Nxe4 26.Ndxe4 Bxe4 27.Nxe4 Rxe4 28.Bxe4 Qxe4
29.Qb5 b6 30.Qd7 g6 31.g5 Be7  1/2-1/2

[Event "DEN-chT 9798"]
[Site "Denmark"]
[Date "1998.01.11"]
[Round "4"]
[White "Ost Hansen, Jacob"]
[Black "Antonsen, Mikkel"]
[Result "1/2-1/2"]
[WhiteElo "2425"]
[BlackElo "2410"]

1.g3 d5 2.Nf3 Nf6 3.Bg2 g6 4.c4 c6 5.Qa4 Nbd7 6.cxd5 cxd5 7.Nc3 Bg7 8.O-O O-O
9.d4 a6 10.Qb3 e6 11.Bf4 b5 12.a4 bxa4 13.Rxa4 Nb6 14.Ra2 Nc4 15.Ne5 Nd6
16.Nd3 Nfe4 17.e3 Nd2 18.Qb4 N6c4 19.b3 a5 20.Qc5 Nxb3 21.Qb5 Ncd2 22.Nc5 Nxc5
23.Rxd2 Na6 24.Ra1 Nb4 25.Qc5 Bd7 26.Bc7 Na6 27.Bxd8 Nxc5 28.Rxa5 Rxa5 29.Bxa5 Nb3
30.Ra2 Rc8 31.Bb4 Nc1 32.Ra7 Nd3  1/2-1/2

[Event "Ubeda op"]
[Site "Ubeda"]
[Date "1998.01.21"]
[Round "2"]
[White "Wohl, Aleksandar H"]
[Black "Filippov, Valerij"]
[Result "1-0"]
[WhiteElo "2440"]
[BlackElo "2595"]

1.Nf3 d5 2.g3 Bg4 3.Bg2 Nd7 4.O-O Ngf6 5.c4 e6 6.Qb3 Nc5 7.Qe3 Be7 8.d4 Ncd7
9.Ne5 Bh5 10.Nc3 c6 11.cxd5 Nxd5 12.Nxd5 exd5 13.Nxd7 Qxd7 14.Qe5 Bg6 15.Qxg7 O-O-O
16.Bf4 f6 17.Bxd5 Rhe8 18.Bb3 b6 19.Rfd1 Be4 20.f3 Bg6 21.Kh1 Bd6 22.Qxd7+ Rxd7
23.Bxd6 Rxd6 24.e4 Red8 25.Rac1 Kb8 26.Kg1 Be8 27.e5  1-0

[Event "Anibal op 5th"]
[Site "Linares"]
[Date "1998.01.23"]
[Round "4"]
[White "Mirumian, Vigen"]
[Black "Lobach, Pavel V"]
[Result "1-0"]
[WhiteElo "2505"]
[BlackElo "2395"]

1.Nf3 d5 2.g3 Nf6 3.Bg2 Bf5 4.O-O e6 5.d3 c5 6.Nfd2 Nc6 7.e4 Bg6 8.Nc3 Be7
9.Ne2 h6 10.Nf4 Bh7 11.exd5 Nxd5 12.Nc4 O-O 13.Nxd5 exd5 14.Ne3 d4 15.Nd5 Bd6
16.Re1 Kh8 17.Bf4 Bxf4 18.Nxf4 Qd7 19.Qh5 c4 20.Qc5 cxd3 21.cxd3 Rae8 22.Rac1 Bf5
23.h4 Rxe1+ 24.Rxe1 Rd8 25.Bxc6 bxc6 26.Re7  1-0

[Event "Ubeda op"]
[Site "Ubeda"]
[Date "1998.01.24"]
[Round "5"]
[White "Aronian, Levon"]
[Black "Vera, Reynaldo"]
[Result "0-1"]
[WhiteElo "2455"]
[BlackElo "2535"]

1.g3 d5 2.Nf3 Nc6 3.d4 Bf5 4.Bg2 Nb4 5.Na3 e6 6.O-O Be7 7.Ne5 Nf6 8.c3 Na6
9.Qa4+ c6 10.Bf4 Qb6 11.b4 O-O 12.Rac1 Rfc8 13.f3 h6 14.Rfe1 Nc7 15.e4 Bh7
16.Rb1 Nb5 17.Nxb5 cxb5 18.Qb3 Bd6 19.Kh1 dxe4 20.fxe4 Bxe5 21.Bxe5 Ng4 22.Bf4 e5
23.Bxe5 Nf2+ 24.Kg1 Nd3 25.Kh1 Nxe5 26.dxe5 Re8 27.a4 bxa4 28.Qxa4 Rxe5 29.c4 Qe6
30.Qc2 Rd8 31.c5 Rd4 32.Rbd1 Bxe4 33.Bxe4 Rexe4 34.Rxe4 Rxd1+ 35.Kg2 Qd5
36.Qc4 Rd2+ 37.Kf3 Qd7 38.b5 Rxh2 39.c6 bxc6 40.bxc6 Qd1+ 41.Kf4 Rf2+ 42.Ke5 Rf6
43.Rd4 Qh5+  0-1

[Event "BCF-chT 97/98 (4NCL)"]
[Site "GBR"]
[Date "1998.01.25"]
[Round "6"]
[White "Abayasekera, Roger"]
[Black "Law, Andrew P"]
[Result "1/2-1/2"]
[WhiteElo "2230"]
[BlackElo "2325"]

1.Nf3 d5 2.g3 Nf6 3.Bg2 c6 4.O-O Bg4 5.d3 Nbd7 6.Nbd2 e5 7.e4 dxe4 8.dxe4 Bc5
9.h3 Bh5 10.Qe1 O-O 11.Nb3 Bb6 12.a4 a5 13.Be3 Bxf3 14.Bxf3 Bxe3 15.Qxe3 Qb6
16.Rfe1 Rfd8 17.Bg2 Qxe3  1/2-1/2

[Event "Anibal op 5th"]
[Site "Linares"]
[Date "1998.01.25"]
[Round "6"]
[White "Kunte, Abhijit"]
[Black "Barua, Dibyendu"]
[Result "1-0"]
[WhiteElo "2460"]
[BlackElo "2520"]

1.Nf3 d5 2.g3 c6 3.Bg2 Nf6 4.O-O Bf5 5.b3 Nbd7 6.Bb2 h6 7.d3 Qc7 8.Nbd2 Bh7
9.Qe1 e5 10.e4 dxe4 11.dxe4 b5 12.c4 b4 13.c5 Bxc5 14.Nc4 O-O 15.Nfxe5 Nxe5
16.Bxe5 Qe7 17.Qe2 Rad8 18.Rad1 Rxd1 19.Rxd1 Rd8 20.Rxd8+ Qxd8 21.h3 Nd7
22.Bb2 Nf8 23.Ne5 Qc7 24.Qa6 Ne6 25.Qxc6 Qxc6 26.Nxc6 Ng5 27.Bd4 Bxd4 28.Nxd4 Nxe4
29.Nc6 a5 30.Bxe4 Bxe4 31.Nxa5 Bb1 32.Nc4 Kf8 33.Kf1 Ke7 34.Ke2 Ke6 35.a3 bxa3
36.Nxa3 Bf5 37.g4 Be4 38.Ke3 Bd5 39.Nb5 Kf6 40.b4 Kg5 41.Nd6 Kh4 42.b5 Kxh3
43.f3 g6 44.Kf2 Kh4 45.b6 Kg5 46.Nxf7+ Kf4 47.Nh8 Kg5 48.Nf7+ Kf4 49.Nxh6 Bxf3
50.g5 Ba8 51.Nf7 Kf5 52.Kg3  1-0

[Event "Anibal op 5th"]
[Site "Linares"]
[Date "1998.01.27"]
[Round "8"]
[White "Kunte, Abhijit"]
[Black "Magem Badals, Jorge"]
[Result "1/2-1/2"]
[WhiteElo "2460"]
[BlackElo "2535"]

1.Nf3 d5 2.g3 Bg4 3.Bg2 Nd7 4.c4 e6 5.d4 c6 6.O-O Bd6 7.b3 Ngf6 8.Bb2 O-O
9.Nbd2 Qe7 10.Ne5 Bf5 11.a3 Rad8 12.h3 h6 13.b4 Bc7 14.f4 Ne8 15.Nd3 Ndf6
16.Qb3 Nd6 17.Nf2 Nde4 18.Ndxe4 Nxe4 19.Nxe4 Bxe4 20.Bxe4 dxe4  1/2-1/2

[Event "Belgrade-Moscow"]
[Site "Belgrade"]
[Date "1998.01.29"]
[Round "2"]
[White "Damljanovic, Branko"]
[Black "Piskov, Yury"]
[Result "1/2-1/2"]
[WhiteElo "2540"]
[BlackElo "2455"]

1.Nf3 d5 2.g3 e6 3.Bg2 Nf6 4.O-O Be7 5.b3 O-O 6.c4 c6 7.Bb2 b6 8.d3 Bb7 9.e3 a5
10.Nc3 Nbd7 11.Qe2 Rc8 12.Rfd1 Re8 13.Rac1 Nc5 14.e4 Bf8 15.e5 Nfd7 16.d4 Na6
17.cxd5 cxd5 18.h4 Nc7 19.Qe3 Ba6 20.Ne2 Qe7 21.Nf4 Bb5 22.Rc3 Na6 23.Rdc1 Rxc3
24.Rxc3 Ndb8 25.Qc1 Rd8 26.Qb1 h6 27.Nh5 Qe8 28.g4 Rc8 29.g5 Rxc3 30.Bxc3 Nd7
31.Nf4 g6 32.a4 Bc6 33.Bf1 hxg5 34.Nxg5 Nb4 35.Bxb4 Bxb4 36.Qd3 Nf8 37.h5 Qe7
38.Qg3 Be8 39.hxg6 fxg6 40.Bh3 Bf7 41.Kf1 Bd2 42.Ngxe6 Bxe6 43.Bxe6+ Nxe6
44.Qxg6+ Ng7 45.Nxd5 Qh4 46.Nf6+ Kf8 47.Ne4 Bb4 48.Ng5 Qh1+ 49.Ke2 Qe1+ 50.Kf3 Qh1+
51.Ke2  1/2-1/2

[Event "Novak Nikolic mem 1st"]
[Site "Belgrade"]
[Date "1998.02.06"]
[Round "1"]
[White "Cabrilo, Goran"]
[Black "Mirkovic, Slobodan"]
[Result "1/2-1/2"]
[WhiteElo "2490"]
[BlackElo "2380"]

1.Nf3 d5 2.g3 Nf6 3.Bg2 g6 4.c4 dxc4 5.Qa4+ Nbd7 6.Qxc4 Bg7 7.O-O O-O 8.Qc2 e5
9.d3 Re8 10.Nc3 c6 11.Bd2 Nf8 12.Rac1 Ne6 13.e3 Nc5 14.Ne1 Bf5 15.e4 Bd7
16.Ne2 Ne6 17.Nf3 Nh5 18.Bc3 Ng5 19.Nxg5 Qxg5 20.b4 Qe7 21.h3  1/2-1/2

[Event "Calcutta Goodricke op"]
[Site "Calcutta"]
[Date "1998.02.06"]
[Round "1"]
[White "Roktim, Bandyopadhyay"]
[Black "Dao Thien Hai"]
[Result "0-1"]
[WhiteElo "2330"]
[BlackElo "2530"]

1.Nf3 d5 2.g3 c6 3.Bg2 Bg4 4.Ne5 Bf5 5.d4 Nd7 6.Nd2 Nxe5 7.dxe5 e6 8.O-O Qc7
9.c4 Qxe5 10.cxd5 exd5 11.e4 dxe4 12.Nxe4 Bxe4 13.Bxe4 Bb4 14.Qe2 Ne7 15.Bf4 Qf6
16.a3 Bc5 17.Qh5 Bd6 18.Bg5 Qe5 19.Rfe1 Qb5 20.Rad1 h6 21.Rxd6 Qxg5 22.Qd1 O-O
23.Rd7 Rfe8 24.Rxb7 Rad8 25.Rd7 Nd5 26.Bxd5 Rxe1+ 27.Qxe1 cxd5 28.Rxa7 d4
29.Ra5 Qf6 30.Re5 Qc6 31.Re2 h5 32.Rd2 h4 33.gxh4 Rd6 34.Rd3 Rg6+ 35.Rg3 d3
36.h5 Re6 37.Qd1 Qe8  0-1

[Event "FRA-chT"]
[Site "FRA"]
[Date "1998.02.07"]
[Round "2"]
[White "Giffard, Nicolas"]
[Black "Ekstroem, Roland"]
[Result "1/2-1/2"]
[WhiteElo "2395"]
[BlackElo "2490"]

1.Nf3 d5 2.g3 g6 3.c4 d4 4.e3 dxe3 5.fxe3 Bg7 6.Bg2 Nf6 7.Nc3 O-O 8.O-O c5
9.Na4 Qc7 10.b3 Bf5 11.Bb2 Bd3 12.Re1 Nbd7 13.Bc3 b5 14.Nb2 bxc4 15.Nxc4 Nb6
16.Rc1 Nxc4 17.bxc4 Be4 18.Qa4 Nd7 19.Bxg7 Kxg7 20.Qa3 Rab8 21.d3 Ba8 22.Rb1 Kg8
23.Qc3 Rb6 24.Rxb6 axb6 25.Rb1 Bc6 26.e4 Ra8 27.a3 Qa7 28.Rb3 Qa5 29.Qxa5 Rxa5
30.Ne1 Kf8 31.Bh3 e6 32.Kf2 Ke7 33.Ke3 Kd6 34.Kd2 Ne5 35.Bf1 Kc7 36.Be2 Ra8
37.Nf3 Nxf3+ 38.Bxf3 f5 39.Ke3 g5 40.Rc3 Rf8 41.exf5 exf5 42.Bxc6 Kxc6 43.h4 h6
44.hxg5 hxg5 45.Rc1 Re8+ 46.Kd2 Rh8 47.Rf1 Rh2+ 48.Kc3 Rg2 49.Rxf5 Rxg3 50.Rf6+ Kb7
51.Rf7+ Ka6 52.Rg7 Rg2 53.Kb3 g4 54.Kc3 g3 55.Kb3 Rg1 56.Kb2 b5 57.cxb5+ Kxb5
58.Rg6 g2 59.Ka2 Rd1 60.Rxg2 Rxd3  1/2-1/2

[Event "BEL-chT 9798"]
[Site "Antwerp"]
[Date "1998.02.08"]
[Round "9"]
[White "Chuchelov, Vladimir"]
[Black "Kuijf, Marinus"]
[Result "1-0"]
[WhiteElo "2525"]
[BlackElo "2475"]

1.Nf3 d5 2.g3 Bf5 3.Bg2 e6 4.O-O Nf6 5.d3 Be7 6.Nbd2 h6 7.Qe1 O-O 8.e4 Bh7
9.Qe2 Nfd7 10.Ne1 Nc5 11.Nb3 Nc6 12.Be3 Na4 13.c3 Bf6 14.f4 d4 15.cxd4 Nxd4
16.Qf2 c5 17.e5 Be7 18.Bxb7 Rb8 19.Be4 Nf5 20.Rc1 Kh8 21.Rc2 c4 22.Rxc4 Nxb2
23.Rc1 a5 24.Ba7 Rb5 25.Qxb2 a4 26.Bc6 Rb4 27.Nc2 Rxb3 28.axb3 Qc7 29.bxa4 Qxa7+
30.Kh1 Rb8 31.Qa2 h5 32.Na3 Ne3 33.Nb5 Qb6 34.Rf3 Nd5 35.Bxd5 exd5 36.Qxd5 Rd8
37.Qxf7 Bxd3 38.Rxd3  1-0

[Event "AUT-chT2S 9798"]
[Site "Austria"]
[Date "1998.02.08"]
[Round "8"]
[White "Brestian, Egon"]
[Black "Siklosi, Zoltan"]
[Result "1/2-1/2"]
[WhiteElo "2440"]
[BlackElo "2320"]

1.Nf3 d5 2.g3 c6 3.Bg2 Bg4 4.d3 Nd7 5.Nbd2 e5 6.O-O Bd6 7.e4 Ne7 8.Re1 O-O
9.h3 Bh5 10.Nf1 f5 11.exf5 Bxf3 12.Bxf3 Nxf5 13.Bg2 Qb6 14.c3 Bc5 15.Re2 Rf7
16.Kh2 Raf8 17.b4 Bd6 18.a4 h5 19.Kg1 h4 20.g4 Ne7 21.Raa2 Ng6 22.Qe1 a5
23.Nd2  1/2-1/2

[Event "AUT-chT2S 9798"]
[Site "Austria"]
[Date "1998.02.08"]
[Round "8"]
[White "Bonstingl, Georg"]
[Black "Wurm, Christoph"]
[Result "1/2-1/2"]
[WhiteElo "2235"]
[BlackElo "2135"]

1.Nf3 d5 2.g3 Bg4 3.Bg2 Nd7 4.d3 e5 5.O-O Bd6 6.Nbd2 c6 7.e4 Ne7 8.h3 Bh5
9.Re1 f6 10.exd5 cxd5 11.c4 Bf7 12.cxd5 Bxd5 13.Ne4 Bc7 14.Nc3 Bc6 15.d4 Nb6
16.dxe5 Qxd1 17.Nxd1 fxe5 18.Nxe5 Bxg2 19.Kxg2 O-O 20.b3 Ned5  1/2-1/2

[Event "Budapest FS02 GM"]
[Site "Budapest"]
[Date "1998.02.10"]
[Round "4"]
[White "Fogarasi, Tibor"]
[Black "Blauert, Joerg"]
[Result "1-0"]
[WhiteElo "2440"]
[BlackElo "2395"]

1.Nf3 d5 2.g3 Nf6 3.Bg2 c5 4.O-O Nc6 5.d4 e6 6.c4 Be7 7.cxd5 exd5 8.Nc3 O-O
9.dxc5 Bxc5 10.Bg5 d4 11.Ne4 Be7 12.Nxf6+ Bxf6 13.Qd2 Re8 14.Rfd1 Bxg5 15.Nxg5 Bf5
16.Qf4 Qf6 17.Bd5 Bg6 18.Rd2 Qe7 19.Nf3 Nb4 20.Bc4 Rac8 21.Bb5 Red8 22.Rxd4 Rxd4
23.Nxd4 Qc5 24.Ba4 Rd8 25.Nf3 Qe7 26.Rd1 Rc8 27.Qg4 Rf8 28.Qc4 Nc6 29.Rd2 Ne5
30.Nxe5 Qxe5 31.Qd4 Qa5 32.Bb3 h6 33.Qd5 Qc7 34.Qc4 Qa5 35.Qd4 Qc7 36.Rd1 Qe7
37.e3 a6 38.Qd6 Qg5 39.Qd5 Qg4 40.Rd4  1-0

[Event "Calcutta Goodricke op"]
[Site "Calcutta"]
[Date "1998.02.13"]
[Round "8"]
[White "Kunte, Abhijit"]
[Black "Barua, Dibyendu"]
[Result "1/2-1/2"]
[WhiteElo "2460"]
[BlackElo "2520"]

1.Nf3 d5 2.g3 c6 3.Bg2 Bf5 4.d3 Nf6 5.O-O e6 6.Nbd2 Bc5 7.b3 O-O 8.Bb2 Nbd7
9.Qe1 h6 10.a3 Bh7 11.e4 a5 12.e5 Ne8 13.Qe2 b5 14.h4 Be7 15.Rfc1 Nc7 16.c4 bxc4
17.dxc4 Nc5 18.cxd5 cxd5 19.Bd4 Nd7 20.Bf1 Qb8 21.Qe3 Rc8 22.Rc6 Qb7 23.Qc3 Nc5
24.Bb5  1/2-1/2

[Event "Novak Nikolic mem 1st"]
[Site "Belgrade"]
[Date "1998.02.14"]
[Round "9"]
[White "Martinovic, Slobodan"]
[Black "Maric, Dragan"]
[Result "1/2-1/2"]
[WhiteElo "2470"]
[BlackElo "2325"]

1.Nf3 d5 2.g3 Bg4 3.Bg2 Nd7 4.d4 c6 5.O-O e6 6.c3 Bd6 7.Nbd2 f5 8.Ne1 Nh6
9.Nd3 O-O 10.Nf3 Nf7 11.h3 Bh5 12.Nf4 Bxf4 13.Bxf4 g5 14.Bd2 e5 15.dxe5 Ndxe5
16.Be3 Nxf3+ 17.exf3 Nd6 18.Bd4 f4 19.g4 Bg6 20.Re1 b6 21.Bf1 c5 22.Be5 Nc4
23.b3 Nxe5 24.Rxe5 Bf7 25.Qd2 h6 26.Rae1 Qd6 27.Bb5 Rfd8 28.h4 a6 29.Bd3 Re8
30.Rxe8+ Rxe8 31.Rxe8+ Bxe8 32.hxg5 hxg5 33.Bxa6 d4 34.cxd4 Qxd4 35.Qe2 Qd8
36.Qe6+ Bf7 37.Qh6 Bd5 38.Be2 Kf7 39.Qh7+ Ke6 40.Qf5+ Kd6 41.Kg2 Qe7 42.Bd3 Qe5
43.Qg6+ Kc7 44.Be4 b5 45.Qh7+ Kb6 46.Bxd5 Qxd5 47.Qg6+ Kc7 48.Qe4 Kd6 49.Qg6+ Kc7
50.Qg7+ Kb6 51.Qf6+ Kc7 52.Qe7+ Kc6 53.Qe8+ Kb6 54.Qe4 Qg8 55.Kf1 c4 56.Qd4+ Kc6
57.bxc4 bxc4 58.a4 Qd5 59.Qe4 Kc5 60.Ke2 Qd8  1/2-1/2

[Event "Budapest FS02 GM"]
[Site "Budapest"]
[Date "1998.02.19"]
[Round "13"]
[White "Czebe, Attila"]
[Black "Acs, Peter"]
[Result "1/2-1/2"]
[WhiteElo "2475"]
[BlackElo "2450"]

1.Nf3 d5 2.g3 Nf6 3.Bg2 c6 4.O-O Bf5 5.b3 Nbd7 6.Bb2 e6 7.d3 Be7 8.Nbd2 O-O
9.c4 a5 10.a3 Bg6 11.Bc3 Bd6 12.b4 e5 13.Qb3 Qe7 14.cxd5 cxd5 15.bxa5 Nc5
16.Qb5 Rfc8 17.Rac1 Ne6 18.Bb2 Nc7 19.Qb3 Rcb8 20.d4 e4 21.Ne5 Qe8 22.f3 exf3
23.exf3 Rxa5 24.Rfe1 Qa4 25.Bf1 Ne6 26.Qb6 Ne8 27.Nb3 Raa8 28.Nc5 Nxc5 29.dxc5 Bc7
30.Qb4 Nf6 31.Nxg6 hxg6 32.Re7 Qxb4 33.axb4 Bd8 34.Bxf6 gxf6 35.Rd7 Kf8 36.f4 Ra4
37.Rb1 Be7 38.Re1 Re8 39.Rd1 Rxb4 40.R1xd5 Rb1 41.Kg2 Rb2+ 42.Kf3 Ra8 43.f5 Raa2
44.Bd3 gxf5 45.Bxf5 Rf2+ 46.Kg4 Ra4+ 47.Kh3 Re4 48.Rxe7 Rxe7  1/2-1/2

[Event "Szeged TT02 IM"]
[Site "Szeged"]
[Date "1998.02.19"]
[Round "1"]
[White "Bogdan, Dan"]
[Black "Kovacs, Adrian"]
[Result "1-0"]
[WhiteElo "2410"]
[BlackElo "2145"]

1.Nf3 d5 2.g3 Nf6 3.Bg2 c6 4.O-O Bf5 5.d3 e6 6.Nbd2 Be7 7.Nh4 Bg6 8.e4 O-O
9.h3 dxe4 10.dxe4 e5 11.Nf5 Bxf5 12.exf5 Qc7 13.Qe2 Rd8 14.Nc4 Bd6 15.Rd1 b5
16.Nxd6 Rxd6 17.Rxd6 Qxd6 18.Bg5 Nbd7 19.Rd1 Qc7 20.Qd2 Rc8 21.Qd6 h6 22.Be3 c5
23.Qxc7 Rxc7 24.Rd6 Kf8 25.g4 Ke7 26.Rd1 Nb6 27.f4 Nfd7 28.g5 hxg5 29.fxg5 Nc4
30.Bc1 Nd6 31.Rf1 c4 32.h4 Rc8 33.h5 Rh8 34.h6 gxh6 35.f6+ Kd8 36.gxh6 Ne8
37.Bg5 Rg8 38.h7 Rh8 39.Rd1 Kc7 40.Bd2 Rxh7 41.Ba5+ Nb6 42.Rd5 Nxf6 43.Rxe5 Rh5
44.Re7+ Nd7 45.Rxf7 Re5 46.Kf2 Re6 47.Rg7 Re5 48.Bh3 Kc6 49.Bg2+ Kc7 50.Bf3 Re8
51.a3 Re5 52.Bg4 Kc6 53.Bf3+ Kc7 54.Kg3 Re8 55.Bd2 Kd6 56.Rg6+ Kc7 57.Rc6+ Kb8
58.Bf4+ Ne5 59.Rc5 Nd7 60.Rxb5+ Kc8 61.Bb7+ Kd8 62.Bd5 Nb6 63.a4 Kc7 64.a5 Nd7
65.a6 Kd6 66.c3 Nc5 67.Bxc4 Kc6 68.Bxe5 Rxe5 69.Rb4 Rf5 70.Be2 Kc7 71.Rh4 Rf6
72.b4 Nxa6 73.Bf3 Kb6 74.Rh7 Nc7 75.c4 Ne6 76.Rb7+ Ka6 77.b5+ Ka5 78.Rxa7+ Kb4
79.Bd5 Nd4 80.Ra6 Rf8 81.b6 Nf5+ 82.Kh2  1-0

[Event "Malaga op"]
[Site "Malaga"]
[Date "1998.02.20"]
[Round "8"]
[White "Wohl, Aleksandar H"]
[Black "Dgebuadze, Alexandre"]
[Result "1/2-1/2"]
[WhiteElo "2440"]
[BlackElo "2470"]

1.Nf3 d5 2.g3 c6 3.Bg2 Bf5 4.b3 Nf6 5.Bb2 e6 6.O-O Be7 7.d3 h6 8.c4 O-O 9.Na3 a5
10.Qc1 Nbd7 11.Bc3 Re8 12.Nc2 Bd6 13.Qb2 Bg4 14.Ne3 Bh5 15.a3 b5 16.cxb5 cxb5
17.b4 axb4 18.axb4 Rxa1 19.Rxa1 Qb8 20.Ra5 Bc7 21.Ra2 e5 22.d4 e4 23.Nd2 Nb6
24.Nb3 Nc4 25.Nxc4 bxc4 26.Nc5 e3 27.f4 Bb6  1/2-1/2

[Event "AUT-chT 9798"]
[Site "Austria"]
[Date "1998.03.06"]
[Round "9"]
[White "Pilz, Dieter"]
[Black "Petschar, Kurt"]
[Result "0-1"]
[WhiteElo "2265"]
[BlackElo "2265"]

1.Nf3 d5 2.g3 c6 3.Bg2 Bg4 4.c4 e6 5.O-O Nd7 6.b3 Ngf6 7.Bb2 Bd6 8.d3 O-O
9.Nbd2 Qe7 10.Qc2 a5 11.e4 dxe4 12.dxe4 e5 13.Nh4 Bc5 14.h3 Bh5 15.Nf5 Qd8
16.Nf3 Re8 17.Rae1 Qc7 18.Kh1 Bxf3 19.Bxf3 Nf8 20.Bg2 g6 21.Qc1 N6d7 22.Nh6+ Kg7
23.f4 f6 24.fxe5 Nxe5 25.Rxf6 Kxf6 26.Ng4+ Kg7 27.Qg5 Nd7 28.Rd1 Bf8 29.Rxd7+ Qxd7
30.Nxe5 Rxe5 31.Qxe5+ Kf7 32.Kh2 Qe7 33.Qh8 Ke8 34.h4 a4 35.Bf6 Qf7 36.b4 Qxc4
37.Qxh7 Qf7 38.Qh8 Kd7 39.Be5 Re8 40.Bf4 Bg7 41.Qh7 Rh8 42.Bh3+  0-1

[Event "AUT-chT 9798"]
[Site "Austria"]
[Date "1998.03.06"]
[Round "9"]
[White "Hadjieff, Dieter"]
[Black "Zoebisch, Herbert"]
[Result "1/2-1/2"]
[WhiteElo "2215"]
[BlackElo "2260"]

1.Nf3 d5 2.g3 c6 3.Bg2 Bg4 4.O-O Nd7 5.b3 Ngf6 6.Bb2 e6 7.d3 Bd6 8.c4 O-O
9.Nc3 Qe7 10.a3 a5 11.Ra2 Rfe8 12.Nh4 Nb6 13.h3 Bh5 14.cxd5 Nbxd5 15.Ne4 Bc7
16.Qd2 Nd7 17.Rc1 f5 18.Nc3 Nxc3 19.Qxc3 Be5 20.d4 Bd6 21.Qc4 Bf7 22.Qc2 f4
23.Qc3 fxg3 24.fxg3 Qg5 25.Kf2 Rf8 26.Rg1 e5 27.Nf3 Qxg3+ 28.Kxg3 exd4+ 29.Kh4 dxc3
30.Bxc3 Bxb3 31.Rd2 Rf4+ 32.Kg3 Rd4+ 33.Kf2 Rxd2 34.Nxd2 Bf7 35.Bxg7 Bc5+
36.e3 Bg6 37.Bb2 Re8 38.Ne4 Bxe3+ 39.Kxe3 Nc5 40.Bf3 Nxe4 41.Rxg6+  1/2-1/2

[Event "AUT-chT 9798"]
[Site "Austria"]
[Date "1998.03.07"]
[Round "10"]
[White "Schwarz, Michael"]
[Black "Fahrner, Kurt"]
[Result "0-1"]
[WhiteElo "2405"]
[BlackElo "2325"]

1.Nf3 d5 2.g3 Nf6 3.Bg2 c6 4.O-O Nbd7 5.d4 g6 6.c4 Bg7 7.Qb3 Qb6 8.Nc3 O-O
9.cxd5 Qxb3 10.axb3 Nxd5 11.Nxd5 cxd5 12.Bf4 Nb8 13.Ne5 Nc6 14.Rfd1 e6 15.Nxc6 bxc6
16.e3 Rd8 17.Rdc1 Bb7 18.Bf1 Bf8 19.Ra4 Rd7 20.b4 a6 21.g4 h6 22.h4 f6 23.Bg3 Kf7
24.Bd3 Be7 25.Kg2 e5 26.dxe5 fxe5 27.Bxe5 Bxh4 28.Rh1 g5 29.Rha1 d4 30.Bc4+ Ke7
31.exd4 c5+ 32.d5 Bxd5+ 33.Bxd5 Rxd5 34.Bc3 Rf8 35.f3 Rd3 36.Rf1 Rf4 37.Rxa6 cxb4
38.Be5 Rc4 39.Rxh6 Rc2+ 40.Kg1 Re2 41.Bf6+ Kd7 42.Ra1 Bf2+ 43.Kf1 Rc2 44.Rh7+ Kc6
45.Be5 Bc5 46.Ke1 Re3+ 47.Kd1 Rg2 48.Ra6+ Kb5 49.Re6 Rge2 50.b3 Rxe5 51.Rb7+ Ka5
52.Rc6 R2e3 53.Rc8 Rd5+ 54.Kc2 Re2+  0-1